zpět

Detail výsledku týmu

Hells Bells Beer Pub, Praha

Datum a čas kvízu

43.5 Celkem bodů Celkový počet nahraných bodů na tomto kvízu bez doplňovacích otázek.
2. Pořadí na kvízu Konečné umístění týmu na tomto kvízu.

Zaznamenané odpovědi

# Otázka Odpověď Body Výsledky
1. Řídit soupravu pražského metra... 1
2. Loď slavného polárního badatel... 1
3. Americký herec, známý mimo jin... 1
4. Liberecká buňka KSČM zveřejnil... 1
5. Francouz Kevin Mayer je mistre... 1
6. Partnerem Hospodského kvízu se... 1
7. Když se řekne rum, může to něk... 1
8. Jak se dvěma cizími slovy nazý... 1
9. Napište podtitul prvního dílu... 1
10. Jak se nazývá země, ze které p... 0